<?xml version="1.0" encoding="UTF-8"?>
<record
    xmlns:xsi="http://www.w3.org/2001/XMLSchema-instance"
    xsi:schemaLocation="http://www.loc.gov/MARC21/slim http://www.loc.gov/standards/marcxml/schema/MARC21slim.xsd"
    xmlns="http://www.loc.gov/MARC21/slim">

  <leader>03000nam a22002657a 4500</leader>
  <controlfield tag="005">20240305165501.0</controlfield>
  <controlfield tag="007">cr||||   |||| </controlfield>
  <controlfield tag="008">180314s2013    es |||||s|||| 00||0 spa d</controlfield>
  <datafield tag="020" ind1=" " ind2=" ">
    <subfield code="a">978-84-91233-84-8</subfield>
  </datafield>
  <datafield tag="035" ind1=" " ind2=" ">
    <subfield code="a">21063</subfield>
  </datafield>
  <datafield tag="040" ind1=" " ind2=" ">
    <subfield code="a">vLex</subfield>
  </datafield>
  <datafield tag="090" ind1=" " ind2=" ">
    <subfield code="c">7477</subfield>
    <subfield code="d">7477</subfield>
  </datafield>
  <datafield tag="100" ind1="1" ind2=" ">
    <subfield code="a">Garc&#xED;a Vidal, &#xC1;ngel</subfield>
  </datafield>
  <datafield tag="245" ind1="1" ind2="2">
    <subfield code="a">La promoci&#xF3;n de medicamentos dirigida a profesionales sanitarios</subfield>
    <subfield code="h">[Recurso electr&#xF3;nico] :</subfield>
    <subfield code="b">Estudio desde la perspectiva del derecho mercantil /</subfield>
    <subfield code="c">&#xC1;ngel Garc&#xED;a Vidal</subfield>
  </datafield>
  <datafield tag="256" ind1=" " ind2=" ">
    <subfield code="a">Servicio en l&#xED;nea</subfield>
  </datafield>
  <datafield tag="260" ind1=" " ind2=" ">
    <subfield code="a">Madrid:</subfield>
    <subfield code="b">Marcial Pons,</subfield>
    <subfield code="c">2013</subfield>
  </datafield>
  <datafield tag="300" ind1=" " ind2=" ">
    <subfield code="a">1 recurso electr&#xF3;nico</subfield>
  </datafield>
  <datafield tag="500" ind1=" " ind2=" ">
    <subfield code="a">La promoci&#xF3;n de los medicamentos por parte de los laboratorios farmac&#xE9;uticos tiene como destinatarios principales a los profesionales que pueden prescribirlos y dispensarlos. Esta actividad promocional ha dado lugar a una amplia y compleja normativa reguladora tanto en el &#xE1;mbito de la Uni&#xF3;n Europea como en los ordenamientos de los Estados miembros, adem&#xE1;s de a un extenso conjunto de disposiciones de autorregulaci&#xF3;n aprobadas por la propia industria farmac&#xE9;utica. La presente obra tiene por objeto el estudio de toda esta normativa, en relaci&#xF3;n con los medicamentos de uso humano, y desde el punto de vista del Derecho mercantil. Tras identificar la normativa publicitaria especial en materia de promoci&#xF3;n de medicamentos, se examina el &#xE1;mbito de aplicaci&#xF3;n de esta normativa, para lo cual se delimitan los conceptos de medicamento y de publicidad, as&#xED; como la figura de los profesionales sanitarios facultados para prescribir y dispensar medicamentos. Acto seguido, se analiza con detenimiento la prohibici&#xF3;n de hacer publicidad de medicamentos que no hayan obtenido la autorizaci&#xF3;n de comercializaci&#xF3;n, las consecuencias del principio de objetividad y la prohibici&#xF3;n de publicidad enga&#xF1;osa. Posteriormente, se examina la obligaci&#xF3;n de incluir informaci&#xF3;n sobre los f&#xE1;rmacos promocionados, el uso de informes y estudios cient&#xED;ficos en la publicidad, la publicidad por medio de visitadores y la prohibici&#xF3;n de promocionar medicamentos por medio de incentivos, primas y ventajas. En el estudio de todos estos problemas &#x96;de innegable trascendencia pr&#xE1;ctica&#x96; el autor realiza un exhaustivo an&#xE1;lisis de la jurisprudencia comunitaria, nacional y comparada, as&#xED; como de las resoluciones del Jurado de Autocontrol.</subfield>
  </datafield>
  <datafield tag="506" ind1="1" ind2=" ">
    <subfield code="a">Disponible solo en los productos indicados</subfield>
    <subfield code="d">vLex Global</subfield>
    <subfield code="d">vLex Global (Academic Edition, excluding Law Schools)</subfield>
    <subfield code="d">vLex Global (U.S. Academic Edition, Law Schools)</subfield>
    <subfield code="d">vLex Global (U.S. Academic Edition, excluding Law Schools)</subfield>
    <subfield code="d">vLex Global (Academic Edition, Law Schools)</subfield>
  </datafield>
  <datafield tag="650" ind1="0" ind2="4">
    <subfield code="a">Derecho Mercantil y de la Empresa</subfield>
    <subfield code="z">Espa&#xF1;a</subfield>
  </datafield>
  <datafield tag="650" ind1="0" ind2="4">
    <subfield code="a">Derecho P&#xFA;blico y Administrativo</subfield>
    <subfield code="z">Espa&#xF1;a</subfield>
  </datafield>
  <datafield tag="740" ind1="0" ind2=" ">
    <subfield code="a">vLex Libros (Servicio en l&#xED;nea)</subfield>
  </datafield>
  <datafield tag="856" ind1="4" ind2="0">
    <subfield code="u">https://app.vlex.com/#/sources/promocion-de-medicamentos-dirigida-a-profesionales-sanitarios-estudio-desde-la-perspectiva-del-derecho-mercantil-21063</subfield>
  </datafield>
  <datafield tag="942" ind1=" " ind2=" ">
    <subfield code="c">RAA</subfield>
  </datafield>
  <datafield tag="952" ind1=" " ind2=" ">
    <subfield code="0">0</subfield>
    <subfield code="1">0</subfield>
    <subfield code="4">0</subfield>
    <subfield code="7">0</subfield>
    <subfield code="8">VLEX</subfield>
    <subfield code="9">323692</subfield>
    <subfield code="a">BD-UIN</subfield>
    <subfield code="b">BD-UIN</subfield>
    <subfield code="d">2024-03-05</subfield>
    <subfield code="l">0</subfield>
    <subfield code="p">21063</subfield>
    <subfield code="r">2024-03-05</subfield>
    <subfield code="w">2024-03-05</subfield>
    <subfield code="y">RAA</subfield>
  </datafield>
  <datafield tag="999" ind1=" " ind2=" ">
    <subfield code="c">165715</subfield>
    <subfield code="d">165715</subfield>
  </datafield>
</record>
